Word Ladder: Beware! Quiz Stats

 Plays Quiz Updated Apr 20, 2015

Challenge
Share
Tweet
Embed
Score 0/50 Timer 04:00
3 Plays Today
Hint Answer % Correct
What counts time in an hourglassSAND
96.9%
Water falling from the skyRAIN
96.4%
AlikeSAME
96%
Having a sound, healthy mindSANE
95.1%
Lower extremity of the faceCHIN
95%
Brother and murderer of AbelCAIN
94.7%
Told; pronouncedSAID
94.6%
An appendage at the rear of many animalsTAIL
93.9%
Canvas hanging from a boat's riggingSAIL
93.3%
To close and open one eye, as a signalWINK
92.9%
Lighted part of a candleWICK
92.8%
SmoochKISS
92.6%
Slender; with litte body fatTHIN'
92.6%
Fail to hitMISS
92.5%
The price of an objectCOST
88.1%
Humidifier outputMIST
87.7%
The largest partMOST
87.1%
Goat's childrenKIDS
87%
Hose or neck problemKINK
85.5%
A layer covering a surface, like paintCOAT
83.8%
Of a good or benevolent natureKIND
83.6%
A thin tin plateTAIN
81.4%
Young adult between 13 and 19 years of ageTEEN
80.5%
Singer Astley's first nameRICK
79.9%
Unspecified number; part of a wholeSOME
78.8%
Hint Answer % Correct
Famous pirate captainKIDD
78.6%
A small conversationCHAT
77.9%
The central part of an appleCORE
76.1%
Cereal plant also known as maizeCORN
75.8%
Pulled apart; rippedTORN
75.6%
Adverb; at that timeTHEN
74.4%
Aquatic bird related to the gullTERN
72.9%
A sudden attack upon somethingRAID
72.8%
A journey or voyageTRIP
72.8%
Curds and ___WHEY
72.4%
To grasp; holdGRIP
68.1%
People in generalTHEY
67.7%
To approach; move towardCOME
66%
Framework of bars or wiresRACK
61.1%
A social or official position or standingRANK
57.5%
Rom-___ (some films)COMS
57.1%
Monetary unit of South AfricaRAND
56.9%
To sharpen by grinding; often edgesWHET
55.9%
Pronoun used to indicate something nearTHIS
55.6%
A short letter or noteCHIT
55.4%
Determination or nerveGRIT
54.1%
Protagonist Prior in the Divergent seriesTRIS
51.4%
X's, in GreeceCHIS
51%
A formal order under sealWRIT
47.9%
Particle; jot; bitWHIT
46.4%

Today's Daily Dose

You're not logged in!

Compare scores with friends on all Sporcle quizzes.
OR
Log In

You Might Also Like...

Show Comments

Extras

Top Quizzes Today


Score Distribution

Your Account Isn't Verified!

In order to create a playlist on Sporcle, you need to verify the email address you used during registration. Go to your Sporcle Settings to finish the process.

Report this User

Report this user for behavior that violates our Community Guidelines.

Details: